[Event "Prague Int Open 2026"]
[Site "Prague CZE"]
[Date "2026.02.26"]
[Round "1.1"]
[White "Moroni, Luca Jr"]
[Black "Gokturk, Murat Kutay"]
[Result "1-0"]
[WhiteTitle "GM"]
[BlackTitle "CM"]
[WhiteElo "2563"]
[BlackElo "2047"]
[WhiteFideId "865834"]
[BlackFideId "51605260"]
[EventDate "2026.02.26"]

1. c4 Nf6 2. Nc3 c6 3. Nf3 d5 4. e3 Bg4 5. cxd5 cxd5 6. Qb3 Bc8 7. d4 Nc6 8. Bd2
e6 9. Rc1 Bd6 10. Bd3 O-O 11. O-O Bd7 12. e4 dxe4 13. Nxe4 Be7 14. Nc5 b6 15.
Nxd7 Qxd7 16. d5 Nd8 17. dxe6 Nxe6 18. Bb5 Nd4 19. Nxd4 Qxd4 20. Be3 Qe5 21. Rc4
Nd5 22. Bd4 Qg5 23. Qf3 Rad8 24. Bxg7 Qxg7 25. Rg4 Bg5 26. h4 h6 27. hxg5 hxg5
28. Qg3 f6 29. Bc4 Kh8 30. f4 Qe7 31. fxg5 Qe3+ 32. Kh2 f5 33. Qh4+ Kg8 34. Rd4
Qe5+ 35. Qf4 Qe6 36. Qd2 Qd6+ 37. Kg1 Qc5 38. b4 1-0

[Event "Prague Int Open 2026"]
[Site "Prague CZE"]
[Date "2026.02.26"]
[Round "1.2"]
[White "Lukasiewicz, Aleksander"]
[Black "Agdestein, Simen"]
[Result "0-1"]
[BlackTitle "GM"]
[WhiteElo "2046"]
[BlackElo "2562"]
[WhiteFideId "1134302"]
[BlackFideId "1500015"]
[EventDate "2026.02.26"]

1. e4 c5 2. Nf3 Nc6 3. d4 cxd4 4. Nxd4 Nf6 5. Nc3 d6 6. Bc4 e6 7. Be3 Be7 8. O-O
O-O 9. Bb3 Bd7 10. f4 Nxd4 11. Bxd4 b5 12. Bxf6 Bxf6 13. Qxd6 Be7 14. Qe5 b4 15.
Nd1 Qb6+ 16. Kh1 Bb5 17. Re1 Rad8 18. Qh5 a5 19. c4 Bc6 20. Rc1 Bc5 21. f5 exf5
22. Qxf5 a4 23. Bc2 Rd2 24. Rf1 Qa7 25. Bb1 Rfd8 26. Qf3 g6 27. Rc2 R2d3 28. Qe2
h5 29. a3 b3 30. Rc3 Rd2 31. Qf3 Qe7 32. Rd3 R8xd3 33. Bxd3 Bd4 34. Nc3 Rxb2 35.
Nd5 Qe6 36. Qf4 Kg7 37. Qc7 Be5 38. Qa7 h4 39. h3 Ra2 40. Nb4 Be8 41. c5 Rxa3
42. c6 b2 43. c7 Rc3 44. Nd5 Rxd3 45. Qb7 Rxh3+ 0-1

[Event "Prague Int Open 2026"]
[Site "Prague CZE"]
[Date "2026.02.26"]
[Round "1.3"]
[White "Sasikiran, Krishnan"]
[Black "Chernyy, Andrey"]
[Result "1-0"]
[WhiteTitle "GM"]
[WhiteElo "2538"]
[BlackElo "2046"]
[WhiteFideId "5004985"]
[BlackFideId "23723785"]
[EventDate "2026.02.26"]

1. e4 e5 2. Nf3 Nc6 3. Bb5 a6 4. Ba4 Nf6 5. O-O b5 6. Bb3 Be7 7. Re1 d6 8. c3
O-O 9. h3 Nb8 10. d4 Nbd7 11. Nbd2 Bb7 12. Bc2 Re8 13. Nf1 Bf8 14. Ng3 g6 15. b3
Bg7 16. d5 Bf8 17. Bg5 h6 18. Be3 c6 19. c4 c5 20. a3 Qb6 21. Qd2 h5 22. Ne2 Be7
23. Nc3 Nf8 24. b4 Rac8 25. bxc5 Rxc5 26. Rab1 Rec8 27. Na4 Qc7 28. Nxc5 dxc5
29. cxb5 axb5 30. Rxb5 c4 31. d6 1-0

[Event "Prague Int Open 2026"]
[Site "Prague CZE"]
[Date "2026.02.26"]
[Round "1.4"]
[White "Nasta, Kiren Vivek"]
[Black "Zhao, Jun"]
[Result "0-1"]
[BlackTitle "GM"]
[WhiteElo "2043"]
[BlackElo "2533"]
[WhiteFideId "30943612"]
[BlackFideId "8602522"]
[EventDate "2026.02.26"]

1. e4 e5 2. Nf3 Nc6 3. Bc4 Be7 4. O-O Nf6 5. d3 d6 6. a4 Na5 7. Ba2 c5 8. Nc3
Nc6 9. Nd5 Nxd5 10. Bxd5 O-O 11. c3 Kh8 12. Nd2 Bg5 13. a5 Ne7 14. Bc4 f5 15.
Nf3 Bxc1 16. Qxc1 Ng6 17. Qg5 Rf6 18. d4 exd4 19. exf5 h6 20. Qg3 Bxf5 21. cxd4
d5 22. Be2 Be4 23. Bd1 Nf4 24. Ne5 Bxg2 25. Re1 cxd4 26. Bc2 Rc8 27. Rac1 Be4 0-1

[Event "Prague Int Open 2026"]
[Site "Prague CZE"]
[Date "2026.02.26"]
[Round "1.5"]
[White "Sahidi, Samir"]
[Black "Swara Lakshmi S Nair"]
[Result "1-0"]
[WhiteTitle "IM"]
[BlackTitle "WCM"]
[WhiteElo "2522"]
[BlackElo "2041"]
[WhiteFideId "14936372"]
[BlackFideId "25629239"]
[EventDate "2026.02.26"]

1. e4 c5 2. Nf3 d6 3. d4 cxd4 4. Nxd4 Nf6 5. Nc3 Nc6 6. h3 e5 7. Nf3 Be7 8. Bc4
Be6 9. Bb3 h6 10. Be3 O-O 11. Qe2 a6 12. O-O-O b5 13. Kb1 Qc7 14. g4 Na5 15. g5
hxg5 16. Nxg5 Bc4 17. Qf3 Rac8 18. Rd2 b4 19. Ne2 d5 20. Rg1 d4 21. Qg2 Ne8 22.
Nxd4 exd4 23. Bxd4 Bxg5 24. Qxg5 f6 25. Qf5 Bxb3 26. axb3 Nc6 27. Bb6 Qb7 28.
Rd7 Qxb6 29. Rgxg7+ Nxg7 30. Qg6 1-0

[Event "Prague Int Open 2026"]
[Site "Prague CZE"]
[Date "2026.02.26"]
[Round "1.6"]
[White "Bunk, Wolfgang"]
[Black "Krzyzanowski, Marcin"]
[Result "0-1"]
[BlackTitle "GM"]
[WhiteElo "2039"]
[BlackElo "2494"]
[WhiteFideId "16237382"]
[BlackFideId "1132199"]
[EventDate "2026.02.26"]

1. d4 Nf6 2. Nf3 d5 3. c4 e6 4. Nc3 h6 5. Bf4 Bd6 6. Bg3 O-O 7. e3 Nc6 8. cxd5
exd5 9. Bd3 Bxg3 10. hxg3 a6 11. Ne5 Nxe5 12. dxe5 Ng4 13. Be2 Nxe5 14. Qxd5 Qf6
15. Ne4 Qe7 16. Qc5 Re8 17. Rd1 Qxc5 18. Nxc5 a5 19. Rh4 Kf8 20. Rhd4 b6 21. Nd3
c5 22. Re4 Nxd3+ 23. Bxd3 Rd8 24. Rf4 Be6 25. Bc4 Rxd1+ 26. Kxd1 Rd8+ 27. Ke1 g5
28. Re4 Bd7 29. Re5 f6 30. Rd5 Ke7 31. Rd2 a4 32. a3 Rb8 33. Be2 b5 34. Rd5 b4
35. Rxc5 bxa3 36. bxa3 Rb3 37. Kd2 Rxa3 38. Bc4 Kd6 39. Ra5 Bc6 40. f3 Ra1 41.
Ke2 Kc7 42. Kf2 a3 43. g4 Kb6 44. Rf5 Rc1 45. Bf7 Rc2+ 46. Kg3 Bd7 47. Rxf6+ Rc6
48. Rxc6+ Kxc6 49. f4 Kd6 50. f5 Ke5 51. Ba2 Bc6 52. Kf2 Bd5 0-1

[Event "Prague Int Open 2026"]
[Site "Prague CZE"]
[Date "2026.02.26"]
[Round "1.7"]
[White "Mayank, Chakraborty"]
[Black "Jiricek, Jakub"]
[Result "1-0"]
[WhiteTitle "IM"]
[WhiteElo "2473"]
[BlackElo "2038"]
[WhiteFideId "25659766"]
[BlackFideId "377040"]
[EventDate "2026.02.26"]

1. e4 c5 2. Nf3 e6 3. d4 cxd4 4. Qxd4 Nc6 5. Qe3 Nf6 6. Nc3 Nb4 7. Qe2 Bc5 8. e5
Ng4 9. Ne4 Qb6 10. h3 f5 11. hxg4 fxe4 12. Qxe4 Bxf2+ 13. Kd1 d5 14. exd6 Bd7
15. Qg6+ Kd8 16. Qxg7 Re8 17. Ne5 Qxd6+ 18. Bd2 Re7 19. Qf8+ Kc7 20. Qxf2 1-0

[Event "Prague Int Open 2026"]
[Site "Prague CZE"]
[Date "2026.02.26"]
[Round "1.8"]
[White "Kudrytskyi, Stanislav"]
[Black "Ioannidis, Evgenios"]
[Result "0-1"]
[BlackTitle "GM"]
[WhiteElo "2035"]
[BlackElo "2469"]
[WhiteFideId "14133091"]
[BlackFideId "4229274"]
[EventDate "2026.02.26"]

1. d4 d5 2. c4 e6 3. Nf3 c6 4. g3 Bb4+ 5. Bd2 Be7 6. Qc2 Nf6 7. Bg2 Ne4 8. O-O
O-O 9. Be3 Nd7 10. Nfd2 Nd6 11. f3 Bf6 12. Bf2 e5 13. cxd5 exd4 14. dxc6 bxc6
15. Nb3 c5 16. N1d2 Ba6 17. Rfe1 Rc8 18. Rad1 Re8 19. e4 d3 20. Qb1 c4 21. Nd4
Nc5 22. Bh3 Rc7 23. Nf5 Nxf5 24. Bxf5 Na4 25. f4 Bxb2 0-1

[Event "Prague Int Open 2026"]
[Site "Prague CZE"]
[Date "2026.02.26"]
[Round "1.9"]
[White "Guidarelli, Laurent"]
[Black "Melkonyan, Davit"]
[Result "1-0"]
[WhiteTitle "GM"]
[WhiteElo "2467"]
[BlackElo "2035"]
[WhiteFideId "611123"]
[BlackFideId "13321498"]
[EventDate "2026.02.26"]

1. d4 d5 2. c4 dxc4 3. Nf3 Nf6 4. e3 e6 5. Bxc4 c5 6. O-O a6 7. a4 cxd4 8. exd4
Be7 9. Qe2 O-O 10. Nc3 Nc6 11. Be3 Nb4 12. Ne5 Nfd5 13. Rad1 b6 14. f4 Bb7 15.
Bc1 g6 16. f5 exf5 17. Bh6 Bg5 18. Bxf8 Qxf8 19. Nxd5 Nxd5 20. Qf3 Rd8 21. Qg3
Qh6 22. Nxf7 Kxf7 23. Qc7+ Kf8 24. Qxb7 Ne7 25. Qxb6 Rc8 26. Qe6 Qg7 27. d5 Qf7
28. Qxf7+ Kxf7 29. b3 1-0

[Event "Prague Int Open 2026"]
[Site "Prague CZE"]
[Date "2026.02.26"]
[Round "1.10"]
[White "Willim, Michael"]
[Black "Yaniv, Yuval"]
[Result "0-1"]
[WhiteTitle "CM"]
[BlackTitle "IM"]
[WhiteElo "2029"]
[BlackElo "2467"]
[WhiteFideId "4632435"]
[BlackFideId "2823900"]
[EventDate "2026.02.26"]

1. d4 Nf6 2. Nf3 g6 3. e3 Bg7 4. Be2 O-O 5. O-O d6 6. b3 Nbd7 7. Bb2 c6 8. c4
Re8 9. Nc3 e5 10. dxe5 dxe5 11. Qc2 Nc5 12. Rad1 Qb6 13. h3 Bf5 14. Qc1 a5 15.
Qa1 Nfd7 16. e4 Be6 17. Ng5 Nf8 18. Ba3 f6 19. Na4 Nxa4 20. Bxf8 Bxf8 21. Nxe6
Rxe6 22. bxa4 Bc5 23. Rd7 Rd8 24. Bg4 Rd6 25. Rb1 Bb4 26. Rxd6 Rxd6 27. a3 Rd2
28. Rf1 Bc5 29. Rb1 Bxf2+ 30. Kh1 Qe3 31. Rxb7 Rc2 32. Rb1 Qxe4 33. Rb8+ Kg7 34.
Qd1 Qe1+ 35. Qxe1 Bxe1 36. Rb3 f5 37. Bd1 Rd2 38. Rb1 Bg3 39. Kg1 e4 0-1

[Event "Prague Int Open 2026"]
[Site "Prague CZE"]
[Date "2026.02.26"]
[Round "1.11"]
[White "Zhao, Yuanhe"]
[Black "Hanak, Tomas"]
[Result "1-0"]
[WhiteTitle "IM"]
[WhiteElo "2466"]
[BlackElo "2027"]
[WhiteFideId "8609497"]
[BlackFideId "358070"]
[EventDate "2026.02.26"]

1. c4 e6 2. Nf3 d5 3. e3 Nf6 4. Nc3 c5 5. cxd5 exd5 6. d4 Nc6 7. Bb5 a6 8. Bxc6+
bxc6 9. O-O Bd6 10. dxc5 Bxc5 11. b3 O-O 12. Bb2 Bg4 13. Rc1 Ba7 14. Ne2 Rc8 15.
Ne5 Bd7 16. Nxd7 Nxd7 17. Qd3 Qb6 18. Qf5 Rfd8 19. Nf4 g6 20. Qh3 Qb8 21. Rfd1
Qd6 22. Qh6 Qf8 23. Qg5 f6 24. Qg4 Qf7 25. h4 Ne5 26. Qh3 Qd7 27. Qxd7 Nxd7 28.
e4 Bb8 29. Ne6 Re8 30. exd5 cxd5 31. Rxc8 Rxc8 32. Rxd5 Nb6 33. Rd8+ Rxd8 34.
Nxd8 f5 35. Nc6 Bd6 36. Be5 Bxe5 37. Nxe5 Kg7 38. f4 Nd5 39. g3 Nb4 40. a4 Kf6
41. Kf2 Ke6 42. Ke2 Kd5 43. Nd7 Kd4 44. Nf8 Kc3 45. Nxh7 Nd5 46. Nf8 Ne7 47. a5
Kxb3 48. Kd3 Kb4 49. Kd4 Kxa5 50. Kc5 Ka4 51. Kd6 Ng8 52. Nxg6 a5 53. Ne7 Nh6
54. Nc6 Kb5 55. Nxa5 Kxa5 56. Ke6 Kb5 57. Kf6 Kc5 58. Kg6 Ng8 59. Kg7 Ne7 60. h5 1-0

[Event "Prague Int Open 2026"]
[Site "Prague CZE"]
[Date "2026.02.26"]
[Round "1.12"]
[White "Kurek, Pavel"]
[Black "Haring, Filip"]
[Result "0-1"]
[BlackTitle "GM"]
[WhiteElo "2023"]
[BlackElo "2461"]
[WhiteFideId "382396"]
[BlackFideId "14933080"]
[EventDate "2026.02.26"]

1. e4 c5 2. Nf3 d6 3. d4 cxd4 4. Nxd4 Nc6 5. c4 e5 6. Nf5 Bxf5 7. exf5 Qd7 8.
Bd3 Nge7 9. g4 h5 10. f3 hxg4 11. fxg4 d5 12. Nc3 O-O-O 13. f6 e4 14. fxe7 Qxe7
15. Be2 Qh4+ 16. Kf1 Bc5 0-1

[Event "Prague Int Open 2026"]
[Site "Prague CZE"]
[Date "2026.02.26"]
[Round "1.13"]
[White "Popovic, Dusan"]
[Black "Giulian, Philip M"]
[Result "1-0"]
[WhiteTitle "GM"]
[BlackTitle "FM"]
[WhiteElo "2452"]
[BlackElo "2023"]
[WhiteFideId "927031"]
[BlackFideId "2400197"]
[EventDate "2026.02.26"]

1. e4 e6 2. d3 d5 3. Nd2 Nf6 4. e5 Nfd7 5. f4 c5 6. Ndf3 Nc6 7. g3 b5 8. Bg2 a5
9. Nh3 Be7 10. O-O Nb6 11. Qe2 b4 12. c4 bxc3 13. bxc3 c4 14. d4 Rb8 15. g4 g6
16. Qc2 Bd7 17. Nf2 Na7 18. Nh1 Ba4 19. Qd2 h5 20. Ng5 hxg4 21. Nf2 Nd7 22. Nxg4
Nf8 23. Bf3 Nc6 24. Qe2 Rb7 25. Qg2 Nb8 26. Re1 Bc6 27. Be3 Nbd7 28. Rab1 Qb8
29. Rxb7 Qxb7 30. Qc2 Qb8 31. Rb1 Qd8 32. Qg2 Qc7 33. Bc1 Qd8 34. Ne3 Nb6 35.
Qb2 Na4 36. Qc2 Qc7 37. Ng4 Nb6 38. Bb2 Nbd7 39. Re1 Qb7 40. Qc1 Qb8 41. Ba3 Qd8
42. Re2 Nh7 43. Bxe7 Qxe7 44. Rb2 Nhf8 45. Qb1 Qd8 46. Bd1 Rh4 47. Kg2 Rh8 48.
Kg3 Qe7 49. Rb8+ Nxb8 50. Qxb8+ 1-0

[Event "Prague Int Open 2026"]
[Site "Prague CZE"]
[Date "2026.02.26"]
[Round "1.14"]
[White "Weber, Jannis"]
[Black "Gloeckler, Christian"]
[Result "0-1"]
[BlackTitle "IM"]
[WhiteElo "2020"]
[BlackElo "2444"]
[WhiteFideId "12990760"]
[BlackFideId "34608966"]
[EventDate "2026.02.26"]

1. e4 c5 2. Nf3 d6 3. Bb5+ Nd7 4. c3 Nf6 5. Qe2 a6 6. Ba4 b5 7. Bc2 Bb7 8. O-O
g6 9. d4 Bg7 10. Re1 cxd4 11. cxd4 Rc8 12. Bd3 O-O 13. a4 Qb6 14. axb5 axb5 15.
Nc3 b4 16. Na4 Qa5 17. Bd2 Ra8 18. Qf1 Bc6 19. b3 Rfc8 20. Nb2 Qd8 21. Ba6 Rcb8
22. d5 Nxe4 23. dxc6 Nxd2 24. Nxd2 Bxb2 25. cxd7 Bxa1 26. Rxa1 Qxd7 27. Bd3 Rxa1
28. Qxa1 Qc7 29. Bc4 d5 30. Be2 Qc3 31. Qd1 Ra8 32. Nb1 Qb2 33. Bd3 0-1

[Event "Prague Int Open 2026"]
[Site "Prague CZE"]
[Date "2026.02.26"]
[Round "1.15"]
[White "Isik, Alparslan"]
[Black "Lacrosse, Marc"]
[Result "1-0"]
[WhiteTitle "IM"]
[BlackTitle "FM"]
[WhiteElo "2443"]
[BlackElo "2018"]
[WhiteFideId "34506896"]
[BlackFideId "200921"]
[EventDate "2026.02.26"]

1. Nf3 d5 2. g3 Nf6 3. Bg2 c6 4. c4 dxc4 5. Na3 Be6 6. O-O g6 7. Ne5 Qd4 8. Nf3
Qc5 9. b3 cxb3 10. axb3 Bg7 11. Nc4 Bxc4 12. Qc2 Nbd7 13. bxc4 O-O 14. Ba3 Qb6
15. Rfb1 Qc7 16. Qb3 b6 17. Bxe7 Rfe8 18. Ba3 Rxe2 19. Bb2 Rae8 20. Nd4 Rxd2 21.
Qc3 Ne4 22. Qe3 Rxb2 23. Rxb2 Nd6 24. Qf4 Be5 25. Qh4 c5 26. Rba2 Bxd4 27. Rxa7
Qd8 28. Qxd8 Rxd8 29. Ra8 Rxa8 30. Rxa8+ Kg7 31. Rd8 Ne5 32. Rxd6 Nxc4 33. Rd7
b5 34. Bd5 Ne5 35. Rb7 b4 36. Kg2 g5 37. f4 gxf4 38. gxf4 Ng4 39. Bxf7 Kf6 40.
h3 Ne3+ 41. Kf3 Nf5 42. Ba2 Bc3 43. Rf7+ Kg6 44. Rc7 Nd4+ 45. Ke3 Nb5 46. Rc6+
Kg7 47. Ke4 Bd4 48. Bc4 1-0

[Event "Prague Int Open 2026"]
[Site "Prague CZE"]
[Date "2026.02.26"]
[Round "1.16"]
[White "Korniichuk, Oleksandra"]
[Black "Nevednichy, Vladislav"]
[Result "1-0"]
[BlackTitle "GM"]
[WhiteElo "2017"]
[BlackElo "2437"]
[WhiteFideId "14155656"]
[BlackFideId "1205730"]
[EventDate "2026.02.26"]

1. e4 c5 2. Nf3 d6 3. d4 cxd4 4. Nxd4 Nf6 5. Nc3 Nc6 6. Bg5 Bd7 7. Nxc6 bxc6 8.
Bc4 h6 9. Bxf6 gxf6 10. Qh5 e6 11. O-O-O Qb6 12. Qe2 h5 13. Kb1 h4 14. f4 Qc5
15. Bb3 Rg8 16. f5 Qe5 17. Rhe1 Rg5 18. Qa6 Rxg2 19. Nd5 Rc8 20. Ne3 Rg5 21.
Qxa7 Qxh2 22. Nc4 Rd8 23. Nb6 Qf2 24. Qc7 Qc5 25. Ba4 Rg2 26. Nxd7 Rxd7 27. Qxc6
Qxc6 28. Bxc6 Ke7 29. e5 d5 30. exf6+ Kd6 31. Bxd7 Kxd7 32. fxe6+ fxe6 33. c4
Rg5 34. cxd5 exd5 35. Rh1 Rh5 36. Rh3 Bc5 37. Rdh1 Rf5 38. Rxh4 Rxf6 39. Rh7+
Kc6 40. R7h6 Rxh6 41. Rxh6+ Kb5 42. Kc2 Bd4 43. Rh4 Bf6 44. Rg4 Bh8 45. a3 Bf6
46. Rb4+ Kc5 47. Kd3 Be5 48. Rb3 Kc6 49. a4 Bc7 50. Rb5 Be5 51. b4 Bd6 52. Kd4
Be7 53. Rc5+ 1-0

[Event "Prague Int Open 2026"]
[Site "Prague CZE"]
[Date "2026.02.27"]
[Round "2.1"]
[White "Lilliehook, Victor"]
[Black "Moroni, Luca Jr"]
[Result "0-1"]
[BlackTitle "GM"]
[WhiteElo "2171"]
[BlackElo "2563"]
[WhiteFideId "1752103"]
[BlackFideId "865834"]
[EventDate "2026.02.26"]

1. e4 e6 2. d4 d5 3. Nd2 c5 4. exd5 Qxd5 5. dxc5 Qxc5 6. Ngf3 Nf6 7. Bd3 Be7 8.
O-O Nbd7 9. Qe2 Qc7 10. Nb3 O-O 11. a4 b6 12. a5 Bb7 13. Nfd4 Rad8 14. Be3 Nd5
15. Nb5 Qb8 16. a6 Ba8 17. Be4 N7f6 18. Bf3 e5 19. Nd2 Nxe3 20. Qxe3 Bc5 21. Qe2
Bxf3 22. Nxf3 e4 23. Nd2 e3 24. fxe3 Rxd2 25. Qxd2 Ng4 26. g3 Bxe3+ 27. Qxe3
Nxe3 28. Rf2 f5 29. Re1 f4 30. gxf4 Ng4 0-1

[Event "Prague Int Open 2026"]
[Site "Prague CZE"]
[Date "2026.02.27"]
[Round "2.2"]
[White "Agdestein, Simen"]
[Black "Rusu, Lucas"]
[Result "1/2-1/2"]
[WhiteTitle "GM"]
[BlackTitle "CM"]
[WhiteElo "2562"]
[BlackElo "2169"]
[WhiteFideId "1500015"]
[BlackFideId "42206472"]
[EventDate "2026.02.26"]

1. d4 Nf6 2. c4 g6 3. f3 Bg7 4. e4 d6 5. Ne2 O-O 6. Nbc3 Nfd7 7. Bg5 h6 8. Be3
e5 9. Qd2 Kh7 10. O-O-O Nc6 11. d5 Ne7 12. g4 a5 13. h4 b6 14. h5 g5 15. Nb5 Nc5
16. Kb1 Bd7 17. Nec3 Nc8 18. Rc1 Bf6 19. Be2 Be7 20. Bd1 Be8 21. Rh2 f6 22. a3
Rf7 23. b4 Nb7 24. Ba4 Bf8 25. Qd3 Kg8 26. Ra2 Rh7 27. Kb2 Kh8 28. Ne2 Kg8 29.
Nbc3 Bxa4 30. Nxa4 Qe8 31. Qb3 Rf7 32. Kc2 Kh8 33. Kd2 Kh7 34. Nec3 Rb8 35. Nb2
Ra8 36. Nd3 Kg7 37. Ke2 Kh7 38. Rcc2 Kg7 39. Kf2 Kh7 40. Ne2 Kg7 41. Ndc1 Kh7
42. Qd3 Kg8 43. Nb3 Kh8 44. Bd2 Kg8 45. Nc3 Kh8 46. Nb5 Kg8 47. Kg2 Kh8 48. Qe3
Kg8 49. Qe1 Na7 50. Nxa7 a4 51. Nc1 Rxa7 52. Be3 Ra6 53. Qe2 Ra8 54. Nd3 Kh7 55.
Rab2 Rb8 56. Rc3 Rg7 57. Qc2 Rf7 58. Qb1 Ra8 59. c5 b5 60. Rbc2 dxc5 61. bxc5
Na5 62. Bf2 Rb8 63. Rb2 Kg8 64. Nb4 c6 65. dxc6 Nxc6 66. Nd5 Na5 67. c6 Nxc6 68.
Rxb5 Rc8 69. Rb6 Kg7 70. Qc1 Na7 71. Nc7 Qd7 72. Rb7 Nb5 73. Ne6+ Qxe6 74. Rxf7+
Kxf7 75. Rxc8 Bxa3 76. Qc2 Bd6 77. Ra8 a3 78. Ra6 Nd4 79. Ra7+ Be7 80. Bxd4 exd4
81. Ra4 d3 82. Qxd3 Qa2+ 83. Kg3 Qa1 84. Kg2 Qb2+ 85. Kf1 Qc1+ 86. Ke2 Qb2+ 87.
Kd1 Qa1+ 88. Kd2 Qg1 89. e5 Qf2+ 90. Qe2 Qb6 91. Qc4+ Kg7 92. exf6+ Bxf6 93. Qd3
Qf2+ 94. Kd1 Qg1+ 95. Kc2 Qf2+ 96. Qd2 Qxf3 97. Qd7+ Kf8 98. Qc8+ Kf7 99. Qc4+
Kf8 100. Qc8+ Kf7 101. Qc4+ Kf8 102. Rb4 Qf2+ 103. Kb3 Qe3+ 104. Kc2 Qf2+ 105.
Kb3 Qe3+ 106. Kc2 Qf2+ 1/2-1/2

[Event "Prague Int Open 2026"]
[Site "Prague CZE"]
[Date "2026.02.27"]
[Round "2.3"]
[White "Bech, Havard Eriksen"]
[Black "Sasikiran, Krishnan"]
[Result "0-1"]
[BlackTitle "GM"]
[WhiteElo "2168"]
[BlackElo "2538"]
[WhiteFideId "1564684"]
[BlackFideId "5004985"]
[EventDate "2026.02.26"]

1. d4 Nf6 2. c4 g6 3. Nc3 d5 4. cxd5 Nxd5 5. e4 Nxc3 6. bxc3 Bg7 7. Nf3 c5 8. h3
O-O 9. Be2 b6 10. O-O cxd4 11. cxd4 Nc6 12. Be3 e6 13. Qa4 Bb7 14. Ba6 Bxa6 15.
Qxa6 Qd7 16. Rad1 Rac8 17. Qa4 Ne5 18. Qxd7 Nxd7 19. Rc1 Rfd8 20. Nd2 Nb8 21.
Nb3 f5 22. f3 Kf7 23. a4 Nc6 24. Rc4 f4 25. Bf2 Nxd4 26. Rxd4 Bxd4 27. Nxd4 Rc4
28. Nb5 a6 29. Bxb6 Rd2 30. Ba5 Rd3 31. Nc3 Rdxc3 32. Bxc3 Rxc3 33. Rb1 Rc4 34.
e5 g5 35. Rb7+ Kg6 36. Rb6 Rxa4 37. Rxe6+ Kf5 38. Re8 Ra1+ 39. Kf2 Ra2+ 40. Kf1
Ra1+ 41. Kf2 a5 42. e6 Ra2+ 43. Kf1 a4 44. e7 Ke6 45. Rg8 Kxe7 46. Rxg5 a3 47.
Ra5 Kd6 48. Ra7 Kc5 49. Ra8 Ra1+ 50. Ke2 h5 51. Ra4 Kb5 52. Ra8 h4 53. Rb8+ Kc4
54. Rc8+ Kb4 55. Rb8+ Kc3 56. Rc8+ Kb3 57. Rb8+ Ka2 58. Rb4 Rb1 59. Rxf4 Kb3 60.
Rf8 a2 61. Ra8 a1=Q 62. Rxa1 Rxa1 63. f4 Kc4 64. Kf3 Kd5 0-1

[Event "Prague Int Open 2026"]
[Site "Prague CZE"]
[Date "2026.02.27"]
[Round "2.4"]
[White "Zhao, Jun"]
[Black "Sucikova, Svetlana"]
[Result "1-0"]
[WhiteTitle "GM"]
[BlackTitle "WIM"]
[WhiteElo "2533"]
[BlackElo "2165"]
[WhiteFideId "8602522"]
[BlackFideId "14923653"]
[EventDate "2026.02.26"]

1. c4 e6 2. Nc3 d5 3. cxd5 exd5 4. d4 c6 5. Bf4 Bf5 6. e3 Qb6 7. Bd3 Qxb2 8.
Bxf5 Qxc3+ 9. Kf1 Ba3 10. Bc8 a5 11. Ne2 Qc4 12. Bxb7 Ra7 13. Bc8 Nd7 14. Qb3
Qxb3 15. axb3 Bb4 16. Nc1 Ne7 17. Bxd7+ Kxd7 18. Nd3 Rha8 19. Ke2 Bd6 20. Kf3
Nc8 21. h4 f6 22. g4 Rb8 23. Nc5+ Ke7 24. g5 Rb5 25. gxf6+ Kxf6 26. Bxd6 Nxd6
27. Rac1 Rc7 28. Rc3 Nb7 29. Nd3 Ke6 30. h5 Kd6 31. h6 g6 32. Ne5 Nd8 33. Nxg6
hxg6 34. h7 Nf7 35. h8=Q Nxh8 36. Rxh8 Rf7+ 37. Kg3 Rfb7 38. Rg8 R7b6 39. Rxg6+
Kc7 40. Rg7+ Kb8 41. Rg8+ Kb7 42. Rg7+ Kb8 43. f4 Rxb3 44. Rxb3 Rxb3 45. f5
Rxe3+ 46. Kf4 Re1 47. f6 Kc8 48. f7 Rf1+ 49. Ke5 Kd8 50. Ke6 Re1+ 51. Kd6 1-0

[Event "Prague Int Open 2026"]
[Site "Prague CZE"]
[Date "2026.02.27"]
[Round "2.5"]
[White "Ouaki, Mark"]
[Black "Sahidi, Samir"]
[Result "0-1"]
[BlackTitle "IM"]
[WhiteElo "2168"]
[BlackElo "2522"]
[WhiteFideId "257460"]
[BlackFideId "14936372"]
[EventDate "2026.02.26"]

1. e4 e5 2. Nf3 Nc6 3. Bb5 a6 4. Bxc6 dxc6 5. O-O f6 6. d4 exd4 7. Nxd4 Bd6 8.
Nc3 Ne7 9. Qh5+ Ng6 10. Nf5 O-O 11. Be3 Bxf5 12. Qxf5 Qe7 13. Rad1 Rae8 14. f4
b5 15. Rd4 c5 16. Rd3 b4 17. Qd5+ Qf7 18. Nd1 Qxd5 19. exd5 Re4 20. g3 Rfe8 21.
Kf2 Ne7 22. Kf3 Nf5 23. Bf2 c4 24. Rd2 a5 25. Ba7 h5 26. c3 Kf7 27. Rc2 b3 28.
axb3 cxb3 29. Rd2 a4 30. Nf2 Rc4 31. Nd1 a3 32. bxa3 Bxa3 33. Bd4 Bc1 34. Nb2
Rxd4 35. Rxd4 Nxd4+ 36. cxd4 Bxb2 37. Rb1 Bxd4 38. Rxb3 Bc5 39. Kg2 Re2+ 0-1

[Event "Prague Int Open 2026"]
[Site "Prague CZE"]
[Date "2026.02.27"]
[Round "2.6"]
[White "Krzyzanowski, Marcin"]
[Black "Popov, Roman"]
[Result "1-0"]
[WhiteTitle "GM"]
[BlackTitle "CM"]
[WhiteElo "2494"]
[BlackElo "2158"]
[WhiteFideId "1132199"]
[BlackFideId "23732580"]
[EventDate "2026.02.26"]

1. e4 c6 2. d4 d5 3. e5 c5 4. Nf3 Nc6 5. dxc5 Bg4 6. c3 e6 7. Be3 Bxf3 8. Qxf3
Nxe5 9. Bb5+ Nc6 10. c4 Nf6 11. Nc3 Be7 12. O-O O-O 13. Rfd1 Qa5 14. Bd2 Qc7 15.
Bf4 Qa5 16. Bd2 Qc7 17. cxd5 Nxd5 18. Nxd5 exd5 19. Qf4 Qxf4 20. Bxf4 Rfd8 21.
Rac1 Bf6 22. Rd2 Nd4 23. Bf1 Ne6 24. g3 Nxf4 25. gxf4 g6 26. Bg2 Rd7 27. Rxd5
Rad8 28. Rxd7 Rxd7 29. b4 Bb2 30. Rb1 Ba3 31. Rb3 Bc1 32. f5 gxf5 33. a4 Rd1+
34. Bf1 Rd5 35. a5 Bd2 36. a6 bxa6 37. Bxa6 Bf4 38. Bc4 Rd4 39. Bd3 Bd2 40. c6
Bf4 41. Bxf5 Bc7 42. Kg2 Kg7 43. b5 h6 44. Bd7 Rc4 45. Rf3 Kg6 46. Ra3 Bb6 47.
Be8 Rf4 48. Rxa7 Bxa7 49. c7 Rxf2+ 50. Kg3 Rc2 51. Bc6 1-0